Kỹ thuật sủa chữa và bảo trì xe gắn máy

Kaydedildi:
Detaylı Bibliyografya
Materyal Türü: Kitap
Dil:Vietnamese
Baskı/Yayın Bilgisi: Thanh Niên 1999
Konular:
Etiketler: Etiketle
Etiket eklenmemiş, İlk siz ekleyin!
Thư viện lưu trữ: Mạng thư viện Đại học Đà Nẵng
LEADER 01007nam a2200301 a 4500
001 000003220
003 01453
005 20171229145311.0
008 171229s1999 vie
040 |a LSK 
041 0 |a VIE 
082 0 |a 629.227  |b SC-E 
245 0 0 |a Kỹ thuật sủa chữa và bảo trì xe gắn máy  |c Ed Scott; Phạm Khôn Ru dịch 
260 |b Thanh Niên  |c 1999 
300 |a 328 pages  |c 27 cm. 
653 |a Kỹ thuật sửa chữa - Xe hai bánh 
852 |a Phòng Đọc - Phòng Mượn 
901 |a 11 
927 |a Sách tham khảo 
OWN |a LSK 
AVA |a UDN50  |b LSK  |d 629.227 SC-E  |e check_holdings  |t Error 5003 Not defined in file expand_doc_bib_avail.  |h N  |k 1 
999 |a From the UDN01 
AVA |a UDN50  |b LSK  |d 629.227 SC-E  |e available  |t Error 5001 Not defined in file expand_doc_bib_avail.  |f 11  |g 0  |h N  |i 0  |k 1 
TYP |a Monograph 
TYP |a Printed language 
980 |a Mạng thư viện Đại học Đà Nẵng